000 01164cab a22002295a 4500
001 L149040
008 091216s2009 xxk 000 0 eng d
035 _a(Sirsi) u149040
041 0 _aeng
100 1 _aNorwood, Graham
245 0 0 _aEG
_bResidential
260 _c2009
490 _aEstates Gazette
_v(0997) 28 November 2009, 73-85(11)
520 _aThe housing market did not see a lot of forced sales, so there was not the anticipated growth in the institutional residential investment market, that the Homes and Community Agency (HCA) tried to start; a survey of housing prices around the UK, predicting that the current limited growth will be short-lived; a prediction that future development schemes will be smaller-scale than in the boom years; and a look at draft guidance The London Housing Design Guide (LHDG) that recommends minimum sizes for social housing in London.
590 _aKA
650 2 4 _aLONDON HOUSING DESIGN GUIDE
650 2 4 _aPRIVATE RENTED SECTOR INTIATIVE
650 2 4 _aHOMES AND COMMUNITY AGENCY (HCA)
651 4 _aUnited Kingdom
_y
690 _aPROPERTY-RESIDENTIAL PROPERTY-RESIDENTIAL PROPERTY MARKET
942 _n0
999 _c82039
_d82039